000 00376nam a2200157Ia 4500
008 230711s9999||||xx |||||||||||||| ||und||
041 _aENG
082 _a720
_bSC-A
100 _aSchaller,Thomas W
245 0 _aArchitecture in water color
250 _a1st
260 _c1989
_aNew York
_bVan Nostrand Reinhold Co.
300 _a234
650 _aArchitecture
942 _cBK
999 _c1809
_d1809